000 01992cam a22005057i 4500
001 data
005 20260322212109.0
008 data
035 _a23960731
906 _a7
_bcbc
_ccopycat
_d2
_encip
_f20
_gy-gencatlg
925 0 _aacquire
_b1 shelf copy
_xpolicy default
010 _a 2024408132
016 7 _a020582522
_2Uk
020 _a9789042946507
_q(hardcover)
020 _a9042946504
_q(hardcover)
020 _z9789042946514
_q(ebook)
024 3 _a9789042946507
035 _a(OCoLC)1314884456
040 _aOHX
_beng
_erda
_cOHX
_dDLC
_dJHE
_dPAU
_dJ9U
_dYDX
_dHUL
_dUKMGB
_dOCLCO
_dDLC
042 _alccopycat
050 0 0 _aMLCM 2024/47715 (B)
082 0 4 _a220.09
_223/eng/20221114
100 1 _aLipiński, Edward,
_eauthor.
245 1 0 _aÉtudes d'histoire biblique /
_cpar Edward Lipiński.
264 1 _aBristol, CT :
_aBristol, CT :
_bPeeters,
_c2022.
300 _axli, 235 pages :
_billustrations (some color), maps (some color), plans ;
_c26 cm.
336 _atext
_btxt
_2rdacontent
337 _aunmediated
_bn
_2rdamedia
338 _avolume
_bnc
_2rdacarrier
490 0 _aOrientalia Lovaniensia analecta,
_x0777-978X ;
_v307
500 _aMinimal Level Cataloging Plus.
_5DLC
504 _aIncludes bibliographical references (pages xv-xli) and indexes.
520 8 _aLes études présentées dans ce volume sont basées sur les cours et conférences d'histoire et d'archéologie bibliques donnés par l'auteur de 1986 à 2020. La bibliographie de ces années figure au début du volume, faisant suite à celle des années 1958-1995, parue dans la même série, OLA 65.
630 0 0 _aBible
_xHistory.
630 0 0 _aBible
_xAntiquities.
630 0 6 _aBible
_xHistoire.
630 0 6 _aBible
_xAntiquités.
630 0 7 _aBible
_2fast
630 0 7 _aBible
_xHistory
_2nli
630 0 7 _aBible
_xAntiquities
_2nli
650 7 _aAntiquities
_2fast
655 7 _aHistory
_2fast
985 _ePCSC contract
999 _c1614
_d1614